„Responsabilité civile"...

Elmentve itt :
Bibliográfiai részletek
Szerző: Hajnal Henrik
Dokumentumtípus: Cikk
Megjelent: 1938
Sorozat:Polgári jog : a hazai és külföldi magánjog és hiteljog szemléje 14
Kulcsszavak:Kártérítés - könyvismertetés
Online Access:http://misc.bibl.u-szeged.hu/6543
LEADER 00606nab a2200169 i 4500
001 misc6543
005 20191106142047.0
008 170607s1938 hu o 0|| hun d
040 |a SZTE Miscellanea Repozitórium  |b hun 
041 |a hun 
100 1 |a Hajnal Henrik 
245 1 0 |a „Responsabilité civile"...  |h [elektronikus dokumentum] /  |c  Hajnal Henrik 
260 |c 1938 
300 |a 179a 
490 0 |a Polgári jog : a hazai és külföldi magánjog és hiteljog szemléje  |v 14 
695 |a Kártérítés - könyvismertetés 
856 4 0 |u http://misc.bibl.u-szeged.hu/6543/1/polgari_jog_1938_179a.pdf  |z Dokumentum-elérés